Mixed Bag of General Knowledge - Statistics

General Stats
  • This quiz has been taken 376 times
    362 since last reset
  • The average score is 13 of 22
Answer Stats
Hint Answer % Correct
World War II In which year did World War II begin? 1939
91%
Currencies What country uses the Yen? Japan
88%
World Religion What religion has five pillars? Islam
82%
Medicine What antibiotic was discovered by Alexander Fleming? Penicillin
77%
England What street does the Prime Minister live on? Downing Street
75%
Painting & Sculpting What chapel's ceiling was painted by Michelangelo? Sistine Chapel
72%
Grammar What is the term for a word that describes a verb? Adverb
69%
Disney Movies What movie is about a female warrior in ancient China? Mulan
67%
Gardening Carrots, Onions, and Turnips are all what? {Root} Vegetables
67%
Modern Literature Who is the main character in The Hunger Games? Katniss Everdeen
63%
Chemistry Xenon, Helium, and Neon are examples of what type of element? Noble Gas
62%
Television Who played Joey on Friends? Matt Leblanc
60%
Algebra 6x+14=8y, y=10, x = ? 11
57%
Business What business's C.E.O is currently the richest man in the world? Amazon
57%
Musical Instruments How many keys are on a piano? 88
51%
Astronomy What galaxy is expected to collide with the Milky Way in 4 Billion Years? Andromeda Galaxy
47%
Biology What organelle produces power for the cell? Mitochondria
46%
European History Who was the first Holy Roman Emperor? Charlemagne
44%
Physical Geography What mountain range runs through Morocco? Atlas
42%
Inventors Who is the inventor of the Telegraph? Samuel Morse
42%
Spanish What is spanish for dog? Perro
33%
World Cities What city is home to the Hermitage Museum? St Petersburg
32%
No matching quizzes found
Score Distribution
Percent of People with Each Score
Percentile by Number Answered
Your Score History
You have not taken this quiz since the last reset